Medicinal plants in geriatric health care (Record no. 196344)

MARC details
000 -LEADER
fixed length control field 00371nam a22001577a 4500
003 - CONTROL NUMBER IDENTIFIER
control field OSt
082 ## - DEWEY DECIMAL CLASSIFICATION NUMBER
Classification number 581.634
Item number LAV
245 ## - TITLE STATEMENT
Title Medicinal plants in geriatric health care
260 ## - PUBLICATION, DISTRIBUTION, ETC. (IMPRINT)
Place of publication, distribution, etc New delhi
Name of publisher, distributor, etc CCRAS
Date of publication, distribution, etc 2008
300 ## - PHYSICAL DESCRIPTION
Extent 125p.
546 ## - LANGUAGE
Language note English
650 ## - SUBJECT ADDED ENTRY--TOPICAL TERM
Topical term or geographic name as entry element medicinal plants
650 ## - SUBJECT ADDED ENTRY--TOPICAL TERM
Topical term or geographic name as entry element geriatric health care
700 ## - ADDED ENTRY--PERSONAL NAME
Personal name Laveskar, G S
942 ## - ADDED ENTRY ELEMENTS (KOHA)
Source of classification or shelving scheme Dewey Decimal Classification
Koha item type Books (General)
Holdings
Lost status Source of classification or shelving scheme Damaged status Not for loan Collection code Home library Current library Shelving location Date acquired Total Checkouts Full call number Barcode Date last seen Koha item type
  Dewey Decimal Classification     General KAU Central Library, Thrissur KAU Central Library, Thrissur General 21/12/2021   581.634 LAV/ME 811746 21/12/2021 Books (General)
  Dewey Decimal Classification     General KAU Central Library, Thrissur KAU Central Library, Thrissur General 04/02/2022   581.634 LAV/ME 811932 04/02/2022 Books (General)
Kerala Agricultural University Central Library
Thrissur-(Dt.), Kerala Pin:- 680656, India
Ph : (+91)(487) 2372219
E-mail: librarian@kau.in
Website: http://library.kau.in/